Zaradí sa na Slovensku manažérske poradenstvo medzi vedúce profesie tretieho tisícročia?

Pojem a podstata poradenstva. Poradca a predmet poradenstva. Manažérske poradenstvo. Minulosť, súčasnosť a budúcnosť manažérskeho poradenstva na Slovensku. Charakteristika stavu manažérskeho poradenstva v malých a stredne veľkých firmách.

Na minha lista:
Detalhes bibliográficos
Autor principal: Lipták, František
Formato: Capítulo de Livro
Idioma:eslovaco
Assuntos:
Tags: Adicionar Tag
Sem tags, seja o primeiro a adicionar uma tag!

MARC

LEADER 00000naa$a2200000$$$4500
001 0097523
005 20231011094136.9
041 0 |a slo 
044 |a SK 
245 1 0 |a Zaradí sa na Slovensku manažérske poradenstvo medzi vedúce profesie tretieho tisícročia?  |c František Lipták 
520 |a Pojem a podstata poradenstva. Poradca a predmet poradenstva. Manažérske poradenstvo. Minulosť, súčasnosť a budúcnosť manažérskeho poradenstva na Slovensku. Charakteristika stavu manažérskeho poradenstva v malých a stredne veľkých firmách. 
610 2 0 |a poradcovia 
610 2 0 |a poradenstvo 
610 2 0 |a poradenstvo profesionálne 
610 2 0 |a technológie informačné 
610 2 0 |a technológie komunikačné 
610 2 0 |a služby informačné 
610 2 0 |a služby poradenské 
610 2 0 |a firmy 
610 2 0 |a Slovensko 
100 1 |a Lipták, František